1452 1445 1979 1288 1362 1386 1976 1709 1924 1301 1647 1354 1206 1536 1055 1482 1295 1873 1767 1335 1407 1496 1126 1618 1244 1392 1809 1913 1626 1129 1720 1188 1539 1287 1222 1435 1342 1012 1135 1519 1550 1271 1657 1374 1632 1963 1115 1365 1213 1962 1274 1064 1326 1084 1707 1843 1513 1616 1297 1452 1494 1279 1567 1265 1296 1214 1623 1185 1356 1411 1873 1320 1367 1556 1927 1592 1423 1030 1516 1770 1523 1381 1263 1094 1838 1682 1759 1096 1939 1790 1661 1286 1253 1073 1613 1581 1827 1280 1529 BCNSPRNW ULIB Ver.6.0+V

เปลี่ยนเป็นภาษาไทย

Change to English
 แสดงรายละเอียดบรรณานุกรม
  กลับหน้าหลัก

Brief Record : Get Marc (ISO 2709) : E-mail record : QR code < ปิดหน้าต่าง
LEADER : 00000nam 2200000uu 4500
001    13399112219
003     ULIB
008    110627s2552||||th 000 0 tha d
060  4 WY18.5^bส181ร 2552
110 1  สถาบันพระบรมราชชนก
245 00 รายงานวิจัย การประเมินผลการดำเนินงานการผลิตพยาบาลวิชาชีพเพิ่มเพื่อแก้ไขปัญหาในพื้นที่จังหวัดชายแดนภาคใต้ (2550-2551)/^cสถาบันพระบรมราชชนก
260    นนทบุรี :^bสถาบันพระบรมราชชนก,^c2552
300    141 หน้า
650  7 ชายแดนภาคใต้
945    ^p0^l0^i027775
945    ^p0^l0^i027776
995    ทศพร
999 ^a ใช้งานได้ทุกระบบ
รายการนี้ยังไม่มีแท็ก
คุณยังไม่ได้ล็อกอิน คุณสามารถมีกิจกรรมร่วมกับเว็บไซต์ได้ แต่ต้องล็อกอินก่อน ::
  ล็อกอิน

รายการสื่อสารสนเทศ

ลำดับที่ ประเภท เลขเรียก/บาร์โค้ด สถานที่ สถานะ
- ไม่พบข้อมูล -

รายการใกล้เคียง
    หัวเรื่อง [ชายแดนภาคใต้]

BibComment


ยังไม่เคยถูกคอมเมนท์

คอมเมนท์ทรัพยากรรายการนี้
  คอมเมนท์: รายงานวิจัย การปร..


 Copyright 2026. Bcnsprnw @Library